000
00308nam a22001217a 4500
005
20250901165814.0
008
250328b |||||||| |||| 00| 0 eng d
050
_a
PL 8704 .M53 2016
245
_a
Ningekuwa na Uwezo
_c
Katama Mkangi
260
_a
Nairobi:
_b
OUP,
_c
2016.
300
_a
74 p.:
_c
18 cm.
942
_2
lcc
999
_c
9455
_d
9455